សំឡេងនៅយប់មួយ / (Record no. 8662)
[ view plain ]
| 000 -LEADER | |
|---|---|
| fixed length control field | 01369nam a22002777a 4500 |
| 001 - CONTROL NUMBER | |
| control field | 8662 |
| 003 - CONTROL NUMBER IDENTIFIER | |
| control field | FISKH |
| 005 - DATE AND TIME OF LATEST TRANSACTION | |
| control field | 20260323121227.0 |
| 008 - FIXED-LENGTH DATA ELEMENTS--GENERAL INFORMATION | |
| fixed length control field | 251009b cb ||||| |||| 00| 0 eng d |
| 040 ## - CATALOGING SOURCE | |
| Original cataloging agency | FISKH |
| Language of cataloging | khr |
| Transcribing agency | FISKH |
| Modifying agency | FISKH |
| 050 ## - LIBRARY OF CONGRESS CALL NUMBER | |
| Classification number | PZ7 |
| 082 ## - DEWEY DECIMAL CLASSIFICATION NUMBER | |
| Classification number | 808.83 |
| 100 ## - MAIN ENTRY--PERSONAL NAME | |
| Personal name | Ministry of Education, Youth and Sports |
| 245 ## - TITLE STATEMENT | |
| Title | សំឡេងនៅយប់មួយ / |
| Statement of responsibility, etc. | By Ministry of Education , Youth and Sports |
| 260 ## - PUBLICATION, DISTRIBUTION, ETC. | |
| Place of publication, distribution, etc. | Phnom Penh : |
| Name of publisher, distributor, etc. | កិច្ចសហប្រតិបត្តិការអភិវឌ្ឍន៍ប៊ែលហ្ស៊ិក , |
| 300 ## - PHYSICAL DESCRIPTION | |
| Extent | 8 pages : |
| Other physical details | color illustrations ; |
| Dimensions | 25 cm . |
| 505 ## - FORMATTED CONTENTS NOTE | |
| Formatted contents note | D <br/> |
| 520 ## - SUMMARY, ETC. | |
| Summary, etc. | មួយយប់ មានភ្លៀងខ្លាំងចែមបានឮសំឡេងចម្លែក។ គាត់សម្រេចចិត្តទៅស្ទូចមើលនៅជុំវិញផ្ទះរបស់គាត់ ហើយអ្នកដឹងទេថាគាត់រកឃើញអ្វី? |
| 520 ## - SUMMARY, ETC. | |
| Summary, etc. | One night, there was a heavy rain, Jem heard the strange noise. He decided to look around his house and guess what he found out? |
| 521 8# - TARGET AUDIENCE NOTE | |
| Target audience note | 160 <br/> |
| Source | Lexile estimate <br/> |
| 521 8# - TARGET AUDIENCE NOTE | |
| Target audience note | D <br/> |
| Source | Raz-Plus <br/> |
| 650 ## - SUBJECT ADDED ENTRY--TOPICAL TERM | |
| Topical term or geographic name entry element | សំឡេងនៅយប់មួយ |
| 650 ## - SUBJECT ADDED ENTRY--TOPICAL TERM | |
| Topical term or geographic name entry element | Strange noise at night |
| 942 ## - ADDED ENTRY ELEMENTS (KOHA) | |
| Source of classification or shelving scheme | Dewey Decimal Classification |
| Koha item type | Khmer Books |
| Suppress in OPAC | No |
| Withdrawn status | Lost status | Source of classification or shelving scheme | Damaged status | Not for loan | Collection | Home library | Current library | Shelving location | Date acquired | Total Checkouts | Full call number | Barcode | Date last seen | Copy number | Price effective from | Koha item type | Date last checked out |
|---|---|---|---|---|---|---|---|---|---|---|---|---|---|---|---|---|---|
| Dewey Decimal Classification | Khmer Language Books / សៀវភៅភាសាខ្មែរ | Footprints International School Library Network Toul Tom Poung Campus | Footprints International School Library Network Toul Kork Campus | TTP Primary Khmer Bookshelves | 10/10/2025 | MIN PZ7 808.83 | FISBK03714 | 10/10/2025 | 3 | 10/10/2025 | Khmer Books | ||||||
| Dewey Decimal Classification | Khmer Language Books / សៀវភៅភាសាខ្មែរ | Footprints International School Library Network Toul Tom Poung Campus | Footprints International School Library Network Toul Kork Campus | TTP Primary Khmer Bookshelves | 10/10/2025 | MIN PZ7 808.83 | FISBK04243 | 10/10/2025 | 4 | 10/10/2025 | Khmer Books | ||||||
| Dewey Decimal Classification | Khmer Language Books / សៀវភៅភាសាខ្មែរ | Footprints International School Library Network Toul Tom Poung Campus | Footprints International School Library Network Toul Tom Poung Campus | TTP Primary Khmer Bookshelves | 10/09/2025 | MIN PZ7 808.83 | FISBK04252 | 10/09/2025 | 1 | 10/09/2025 | Khmer Books | ||||||
| Dewey Decimal Classification | Khmer Language Books / សៀវភៅភាសាខ្មែរ | Footprints International School Library Network Toul Tom Poung Campus | Footprints International School Library Network Toul Tom Poung Campus | TTP Primary Khmer Bookshelves | 10/09/2025 | 1 | MIN PZ7 808.83 | FISBK04264 | 10/17/2025 | 2 | 10/09/2025 | Khmer Books | 10/09/2025 | ||||
| Dewey Decimal Classification | Khmer Language Books / សៀវភៅភាសាខ្មែរ | Footprints International School Library Network Toul Tom Poung Campus | Footprints International School Library Network Toul Tom Poung Campus | TTP Primary Khmer Bookshelves | 03/23/2026 | MIN PZ7 808.83 | FISBK04260 | 03/23/2026 | 5 | 03/23/2026 | Khmer Books | ||||||
| Dewey Decimal Classification | Khmer Language Books / សៀវភៅភាសាខ្មែរ | Footprints International School Library Network Toul Tom Poung Campus | Footprints International School Library Network Toul Tom Poung Campus | TTP Primary Khmer Bookshelves | 03/27/2026 | MIN PZ7 808.83 | FISBK04244 | 03/27/2026 | 6 | 03/27/2026 | Khmer Books | ||||||
| Dewey Decimal Classification | Khmer Language Books / សៀវភៅភាសាខ្មែរ | Footprints International School Library Network Toul Tom Poung Campus | Footprints International School Library Network Toul Tom Poung Campus | TTP Primary Khmer Bookshelves | 04/22/2026 | MIN PZ7 808.83 | FISBK04268 | 04/22/2026 | 7 | 04/22/2026 | Khmer Books |
